Greatest Tekken Quiz of All Time - Statistics

General Stats
  • This quiz has been taken 215 times
  • The average score is 12 of 20
Answer Stats
Question Answer % Correct
How are the Mishimas known to execute their family members? Throw them off high places
96%
What fighting style does Hwoarang practice? Taekwondo
93%
Which nickname did Lee Chaolan use when he went into hiding? Violet
83%
Who is boxer Steve Fox's mother? Nina Williams
78%
Who won the first ever King of Iron Fist Tournament? Kazuya
74%
What is usually Marshall Law's motive for entering the tournaments? Money for his restaurant
74%
Which of these Tekken 7 newcomers was in the main story mode? Claudio
72%
Which of these Tekken characters' gender is ambiguous, and has kept changing throughout the series? Leo Kliesen
70%
Which character has a move where she gives you head? Alisa Bosconovitch
67%
Which of these move notations would most likely be considered a "jab string"? 1, 2
65%
Who belongs to the streets? Katarina Alves
65%
What move is Jin's variant of Electric Wind God Fist? Electric Wind Hook Fist
59%
Tekken 7 has a mechanic called "screw" which extends combos, but what combo extender did Tekken 6 and Tag 2 have? Bound
52%
Which of these moves belongs to Paul Phoenix? Demolition Man
52%
What does it mean if an attack is "homing"? Hits sidestepping opponents
50%
King spared Marduk in his Tekken 4 ending after he saw a framed picture of who? Marduk's parents
46%
What is the term for the strategy that involves attacking grounded opponents? Okizeme
39%
Which of these characters does not have the movement tech known as "wavedash"? Bryan Fury
33%
Which of these is not a universal or near-universal move? Parry
20%
What tactic is known as a "chicken"? To escape a move reversal
20%
No matching quizzes found
Score Distribution
Percent of People with Each Score
Percentile by Number Answered
Your Score History
You have not taken this quiz